Vivo en dos casas : (Record no. 127762)

MARC details
000 -CABECERA
campo de control de longitud fija 00743nam a2200229 u 4500
005 - FECHA Y HORA DE LA ÚLTIMA TRANSACCIÓN
campo de control 20240228063627.0
008 - ELEMENTOS DE LONGITUD FIJA--INFORMACIÓN GENERAL
campo de control de longitud fija 080428s2003 es r 000 0 spa d
020 ## - NÚMERO INTERNACIONAL NORMALIZADO PARA LIBROS
Número Internacional Estándar del Libro 8424660609
035 ## - NÚMERO DE CONTROL DEL SISTEMA
Número de control de sistema UPN01000155647
049 ## - COLECCIÓN
Colección I
050 #4 - SIGNATURA TOPOGRÁFICA DE LA BIBLIOTECA DEL CONGRESO
Número de clasificación PZ71
Número de documento/Ítem A4.9
100 1# - ASIENTO PRINCIPAL--NOMBRE PERSONAL
Nombre de persona Agur Meabe, Miren,
Fechas asociadas al nombre 1962-
9 (RLIN) 30344
245 10 - MENCIÓN DE TÍTULO
Título Vivo en dos casas :
Resto del título ¿y qué? /
Mención de responsabilidad, etc. Miren Agur Meabe ; il. Jokin Mitxelena.
260 ## - PUBLICACIÓN, DISTRIBUCIÓN, ETC.
Lugar de publicación, distribución, etc. Barcelona, Esp. :
Nombre del editor, distribuidor, etc. Editores Asociados,
Fecha de publicación, distribución, etc. 2003.
300 ## - DESCRIPCIÓN FÍSICA
Extensión 30 p. :
Otras características físicas il. col.
440 #0 - MENCIÓN DE SERIE/ASIENTO SECUNDARIO--TÍTULO
Título Cass ;
Designación de volumen o secuencia 10
534 ## - NOTA SOBRE LA VERSIÓN ORIGINAL
Frase introductoria Traducción de.
Mención de título del original Etxe bitan bizi naiz, eta zer?
650 #4 - ASIENTO SECUNDARIO DE MATERIA - TERMINO TEMATICO
Término de materia o nombre geográfico como elemento de entrada LIBROS Y LECTURA PARA NIÑOS -
Subdivisión geográfica ESPAÑA
9 (RLIN) 2310
650 #4 - ASIENTO SECUNDARIO DE MATERIA - TERMINO TEMATICO
Término de materia o nombre geográfico como elemento de entrada Literatura infantil española
9 (RLIN) 5892
700 1# - ASIENTO SECUNDARIO--NOMBRE DE PERSONAL
Nombre de persona Mitxelena, Jokin,
Término indicativo de función/relación il.
905 ## - TIPO DE MATERIAL
Tipo de material Libro
Holdings
Estado de retiro Estado de pérdida Fuente del sistema de clasificación o colocación Estado dañado No para préstamo Código de colección Localización permanente Ubicación/localización actual Ubicación en estantería Fecha de adquisición Total de préstamos Clasificación Código de barras Fecha visto por última vez Número de copia Tipo de ítem Koha
    Library of Congress Classification     Infantil Bib. Gregorio Torres Quintero Bib. Gregorio Torres Quintero Sala infantil Planta baja 10/05/2023 1 PZ71 A4.9 258899 31/12/2020 1 Libro